CO2 and miocene climate change (Record no. 45893)

MARC details
000 -LEADER
fixed length control field 00398nam a2200145Ia 4500
100 ## - MAIN ENTRY--AUTHOR NAME
Personal name Hurtley Stella
245 #0 - TITLE STATEMENT
Title CO2 and miocene climate change
260 ## - PUBLICATION, DISTRIBUTION, ETC. (IMPRINT)
Name of publisher Science
Year of publication 2009
300 ## - PHYSICAL DESCRIPTION
Number of Pages 1315-1317
520 ## - SUMMARY, ETC.
Summary, etc Articles bound received from Dr. James Jacob, Director, 2021
650 ## - SUBJECT ADDED ENTRY--TOPICAL TERM
Topical Term Climate change
650 ## - SUBJECT ADDED ENTRY--TOPICAL TERM
Topical Term CO2 emission
942 ## - ADDED ENTRY ELEMENTS (KOHA)
Koha item type Reprints
Holdings
Withdrawn status Lost status Damaged status Not for loan Home library Current library Date acquired Serial Enumeration / chronology Koha item type
      Reprints RRII Library RRII Library 22/12/2021 Volume 326, Issue 4cDec Reprints